| 000 | 00422nam a2200157 i 4500 | ||
|---|---|---|---|
| 001 | 149282 | ||
| 003 | ES-MaACL | ||
| 005 | 20230906203026.0 | ||
| 007 | t| | ||
| 008 | 071019s1964 sp ||||1| spa d | ||
| 100 | 1 |
_aVelloso, José Miguel. _9113857 |
|
| 245 | 1 | 0 |
_aFardo de soledad / _cJosé Miguel Velloso. |
| 260 |
_aMadrid : _bAguilar, _c1964. |
||
| 300 |
_a48 p. ; _c20 cm. |
||
| 852 |
_aES-MaACL _j2040-F-8 _bR.55117 |
||
| 999 |
_c149282 _d149282 |
||